000 00550nam a22001457a 4500
999 _c2412
_d2412
020 _a9788125907817
050 _aHF5549.G46 GOS
100 _aBiswanath Ghosh
245 _aHumanresource development and management
_cBiswanath Ghosh
260 _aNew Delhi
_bVikas
_c2011
300 _avii, 360p.
505 _a1. From personnel management to human resource management 2. Evolution of stages of human resource management 3. Job design and motivation 4. Empowerment 5. Recruitment and selection
650 _aHuman resource management
942 _cBK